000 00440nam a2200157Ia 4500
003 SGT
082 _a671
_bRAG
100 _aRaghuwanshi,B.S
245 2 _aA course in workshop technology
250 _a9th . Ed.
260 _bDhanpat Rai & Co.
_aN. Delhi
_c2010
300 _a961p.
650 _aMECHANICAL ENGINEERING,
653 _aMANUFACTURE , POWER TRANSMISSION IN WORKSHOPS,METALWORKING & PRIMARY METAL PRODUCTS
942 _2ddc
_cBK
_07
999 _c4943
_d4943